000 00892nam a2200217 a 4500
001 BRCA_1545
005 20190320203451.0
008 960903s1987 mx-a---##b---#000-0#spa-d
020 _a9686658076
040 _aCtY
_cCtY
_dDLC
050 4 _aND259.R5
_b.P56 1987
245 1 0 _aDiego Rivera
_bpintura mural
_ctexto Antonio Rodríguez ; fotografía Enrique Franco Torrijos, Bob Schalkwijk ; diseño Bernardo Recamier ; coordinador editorial Víctor Manuel Espíndola.
260 _aMéxico
_bFondo Editorial de la Plástica Mexicana : Fideicomiso en el Banco Nacional de Comercio Exterior
_c1987
300 _a162 p.
_bil. (algunas a color)
_c46 cm.
500 _aIncluye índice de ilustraciones
600 1 4 _aRivera, Diego
_d1886-1957
_vCatálogos
_94978
700 1 _aRodríguez, Antonio
_94979
700 1 _aFranco Torrijos, Enrique
_9625
700 1 _aSchalkwijk, Bob
_94404
942 _2lcc
_cB
999 _c1390
_d1390